[Event "Juste pour jouer"]
[Site "Montreal CAN"]
[Date "2012.10.07"]
[Round "4"]
[White "Gunn, Richard"]
[Black "Poulin, Marc"]
[Result "0-1"]
[WhiteElo "1112"]
[BlackElo "1117"]
[PlyCount "56"]
[GameId "2160767909444889"]
[EventDate "2012.10.05"]
[EventType "swiss"]
[EventRounds "7"]
[EventCountry "CAN"]
[SourceTitle "EXT 2022"]
[Source "ChessBase"]
[SourceDate "2021.10.06"]
[SourceVersion "1"]
[SourceVersionDate "2021.10.06"]
[SourceQuality "1"]

1. c4 e5 2. Nc3 Nf6 3. d3 g6 4. Bg5 Bg7 5. e3 d6 6. Be2 O-O 7. f4 exf4 8. exf4 Re8 9. Qb3 b6 10. Ne4 Nbd7 11. Bf3 Nc5 12. Qc2 Ncxe4 13. Bxe4 Rb8 14. Ne2 Qd7 15. Bxf6 Bxf6 16. O-O Qe7 17. Rae1 Bg4 18. h3 Be6 19. Kh2 c5 20. b3 b5 21. f5 Be5+ 22. g3 Bd7 23. Nf4 gxf5 24. Nd5 Qg5 25. Qf2 Kh8 26. Bxf5 Bxf5 27. Qxf5 Qxg3+ 28. Kh1 Qh2# 0-1

[Event "Juste pour jouer"]
[Site "Montreal CAN"]
[Date "2012.10.07"]
[Round "4"]
[White "Jacques, Simon"]
[Black "Tinica, Sabina"]
[Result "1-0"]
[WhiteElo "1429"]
[BlackElo "1099"]
[PlyCount "35"]
[GameId "2160767909444890"]
[EventDate "2012.10.05"]
[EventType "swiss"]
[EventRounds "7"]
[EventCountry "CAN"]
[SourceTitle "EXT 2022"]
[Source "ChessBase"]
[SourceDate "2021.10.06"]
[SourceVersion "1"]
[SourceVersionDate "2021.10.06"]
[SourceQuality "1"]

1. e4 c5 2. Nc3 d6 3. f4 Nf6 4. Nf3 Bg4 5. Bc4 g6 6. e5 Nfd7 7. Bxf7+ Kxf7 8. Ng5+ Kg7 9. Qxg4 Qe8 10. Nd5 Nc6 11. h4 Nb4 12. Nc7 Nxc2+ 13. Kd1 Qb8 14. Kxc2 Qxc7 15. Ne6+ Kg8 16. Nxc7 Rc8 17. Qxd7 Rb8 18. h5 1-0

[Event "Juste pour jouer"]
[Site "Montreal CAN"]
[Date "2012.10.07"]
[Round "4"]
[White "Kay, Sang Kill"]
[Black "Perna, Valentino"]
[Result "1-0"]
[WhiteElo "1567"]
[BlackElo "1122"]
[PlyCount "103"]
[GameId "2160767909444891"]
[EventDate "2012.10.05"]
[EventType "swiss"]
[EventRounds "7"]
[EventCountry "CAN"]
[SourceTitle "EXT 2022"]
[Source "ChessBase"]
[SourceDate "2021.10.06"]
[SourceVersion "1"]
[SourceVersionDate "2021.10.06"]
[SourceQuality "1"]

1. d4 Nf6 2. c4 e6 3. Bg5 Be7 4. e3 Ne4 5. Bxe7 Qxe7 6. Bd3 Qb4+ 7. Nd2 Nxd2 8. Qxd2 Qxd2+ 9. Kxd2 O-O 10. Nf3 Nc6 11. Ng5 g6 12. h4 Ne7 13. h5 h6 14. Ne4 f5 15. Ng3 g5 16. d5 exd5 17. cxd5 d6 18. e4 fxe4 19. Nxe4 Bf5 20. f3 Bxe4 21. Bxe4 Nf5 22. Rh3 Rae8 23. Re1 Re7 24. Bxf5 Rxe1 25. Be6+ Rxe6 26. dxe6 Re8 27. f4 Rxe6 28. fxg5 hxg5 29. g4 Kh7 30. Rf3 Re7 31. Rf5 Kh6 32. Kd3 c5 33. Rf6+ Kg7 34. Rxd6 Rf7 35. Kc4 b6 36. Rg6+ Kh7 37. Rxg5 Kh6 38. Rg6+ Kh7 39. a3 Rf4+ 40. Kd5 c4 41. Ke5 Rf2 42. Rc6 Rxb2 43. Rxc4 Rb5+ 44. Kf6 Rc5 45. Rxc5 bxc5 46. g5 c4 47. g6+ Kg8 48. h6 c3 49. h7+ Kh8 50. Kf7 c2 51. g7+ Kxh7 52. g8=Q+ 1-0

[Event "Juste pour jouer"]
[Site "Montreal CAN"]
[Date "2012.10.07"]
[Round "4"]
[White "Labadie, Bernard"]
[Black "Brule, Daniel"]
[Result "1-0"]
[WhiteElo "1290"]
[BlackElo "1538"]
[PlyCount "95"]
[GameId "2160767909444892"]
[EventDate "2012.10.05"]
[EventType "swiss"]
[EventRounds "7"]
[EventCountry "CAN"]
[SourceTitle "EXT 2022"]
[Source "ChessBase"]
[SourceDate "2021.10.06"]
[SourceVersion "1"]
[SourceVersionDate "2021.10.06"]
[SourceQuality "1"]

1. Nf3 d5 2. d4 g6 3. e3 Bg7 4. c4 c6 5. Nc3 Nf6 6. h3 Qc7 7. Bd3 Nbd7 8. O-O O-O 9. b3 e5 10. dxe5 Nxe5 11. Nxe5 Qxe5 12. Bb2 Ne4 13. Na4 Qe7 14. Bxg7 Kxg7 15. cxd5 cxd5 16. Bxe4 dxe4 17. Qd4+ Kg8 18. Nc3 f5 19. Nd5 Qf7 20. Rac1 Qg7 21. Qxg7+ Kxg7 22. Rc7+ Kh6 23. Rfc1 Be6 24. Nf4 Bg8 25. Rxb7 Rfd8 26. Rbc7 Rd2 27. R7c2 Rad8 28. Ne2 a5 29. Nd4 Rd3 30. Kh2 f4 31. Nc6 Rf8 32. exf4 Rxf4 33. Nxa5 Be6 34. Nc4 Rf5 35. Ne3 Rh5 36. Re1 Kg5 37. Rc5+ Bf5 38. g4 Rh4 39. gxf5 gxf5 40. Rg1+ Kf6 41. Rxf5+ Ke6 42. Rg4 Rh6 43. Rxe4+ Kd6 44. Rc4 Rd2 45. a4 Rb2 46. b4 Rb1 47. b5 Ke6 48. Rc6+ 1-0

[Event "Juste pour jouer"]
[Site "Montreal CAN"]
[Date "2012.10.07"]
[Round "4"]
[White "Luo, Jia Yu"]
[Black "Luo, Alan"]
[Result "1-0"]
[WhiteElo "801"]
[BlackElo "1182"]
[PlyCount "135"]
[GameId "2160767909444893"]
[EventDate "2012.10.05"]
[EventType "swiss"]
[EventRounds "7"]
[EventCountry "CAN"]
[SourceTitle "EXT 2022"]
[Source "ChessBase"]
[SourceDate "2021.10.06"]
[SourceVersion "1"]
[SourceVersionDate "2021.10.06"]
[SourceQuality "1"]

1. e4 e5 2. Nf3 Nc6 3. Nc3 Nf6 4. Bb5 Bc5 5. Nxe5 Nxe5 6. d4 Bxd4 7. Qxd4 Nc6 8. Bxc6 dxc6 9. Qxd8+ Kxd8 10. Bg5 Ke7 11. O-O-O Re8 12. e5 h6 13. exf6+ gxf6 14. Rhe1+ Be6 15. Bxh6 Rh8 16. Bg7 Rh7 17. Bxf6+ Kxf6 18. Ne4+ Ke7 19. h3 Rg7 20. g4 Rd8 21. Rxd8 Kxd8 22. Nc5 Bc8 23. Ne4 b6 24. Ng3 Be6 25. Rd1+ Ke7 26. Ne4 f6 27. f4 Rh7 28. f5 Bd5 29. Nf2 Kd7 30. c4 Kd6 31. cxd5 cxd5 32. Kc2 c5 33. Kb3 Re7 34. h4 b5 35. a4 Re3+ 36. Nd3 c4+ 37. Kb4 cxd3 38. axb5 Re4+ 39. Kc3 Rxg4 40. Rh1 Rg3 41. h5 Rg8 42. Kxd3 Ke5 43. Re1+ Kxf5 44. Rf1+ Ke6 45. Re1+ Kd6 46. Rh1 Rh8 47. h6 Kc5 48. Kc3 Kxb5 49. Kd4 Kc6 50. b4 Kd6 51. Rh5 Ke6 52. h7 a6 53. Kc5 f5 54. Kb6 d4 55. Rh1 d3 56. Kxa6 d2 57. b5 Rxh7 58. Rxh7 d1=Q 59. Rh6+ Ke5 60. Rh7 Qa1+ 61. Kb6 Qd4+ 62. Ka5 f4 63. Rh5+ Ke4 64. Rh1 f3 65. Re1+ Kf4 66. b6 Qd2+ 67. Ka6 Qxe1 68. b7 1-0

[Event "Juste pour jouer"]
[Site "Montreal CAN"]
[Date "2012.10.07"]
[Round "4"]
[White "Montreuil, Carl"]
[Black "Bond, Yvon"]
[Result "1-0"]
[WhiteElo "1211"]
[BlackElo "1428"]
[PlyCount "79"]
[GameId "2160767909444894"]
[EventDate "2012.10.05"]
[EventType "swiss"]
[EventRounds "7"]
[EventCountry "CAN"]
[SourceTitle "EXT 2022"]
[Source "ChessBase"]
[SourceDate "2021.10.06"]
[SourceVersion "1"]
[SourceVersionDate "2021.10.06"]
[SourceQuality "1"]

1. e4 e5 2. Nf3 Nc6 3. Bb5 d6 4. h3 Nf6 5. Qe2 Bd7 6. Ba4 Be7 7. c3 O-O 8. Bc2 Nh5 9. d4 Nf4 10. Bxf4 exf4 11. O-O Bg5 12. Qd3 f5 13. Qc4+ Kh8 14. Nbd2 fxe4 15. Bxe4 Qf6 16. Bxc6 bxc6 17. Ne4 Qg6 18. Rfe1 d5 19. Ne5 Qf5 20. Qc5 Bh4 21. Nxd7 Qxd7 22. Nd2 Rf7 23. Nf3 Be7 24. Qa5 Qd6 25. Ne5 Rf5 26. Qa4 c5 27. Qc2 Raf8 28. dxc5 Qe6 29. Ng6+ Qxg6 30. Rxe7 Qh5 31. Kh2 Rg5 32. Rae1 Qh4 33. Qe2 h6 34. Qf3 Rgf5 35. Rxc7 g5 36. Ree7 R5f7 37. Rxf7 Rxf7 38. Rxf7 h5 39. Qxd5 g4 40. Qa8+ 1-0

[Event "Juste pour jouer"]
[Site "Montreal CAN"]
[Date "2012.10.07"]
[Round "4"]
[White "Ouellet, Maili-Jade"]
[Black "Johnson-Constantin, Mathieu"]
[Result "1-0"]
[WhiteElo "1351"]
[BlackElo "1464"]
[PlyCount "71"]
[GameId "2160767909444895"]
[EventDate "2012.10.05"]
[EventType "swiss"]
[EventRounds "7"]
[EventCountry "CAN"]
[SourceTitle "EXT 2022"]
[Source "ChessBase"]
[SourceDate "2021.10.06"]
[SourceVersion "1"]
[SourceVersionDate "2021.10.06"]
[SourceQuality "1"]

1. d4 Nf6 2. c4 g6 3. Nc3 Bg7 4. e4 d6 5. f4 Nbd7 6. Nf3 b6 7. Be2 Bb7 8. O-O O-O 9. e5 dxe5 10. fxe5 Ne4 11. Nxe4 Bxe4 12. e6 Nf6 13. Ng5 Bf5 14. exf7+ Kh8 15. d5 a5 16. Ne6 Bxe6 17. dxe6 Qd6 18. Bf3 Rad8 19. Qxd6 Rxd6 20. Re1 c5 21. Rb1 h5 22. h3 Kh7 23. b3 Bh6 24. Bb2 Bg7 25. Re2 Rfd8 26. Rbe1 Kh6 27. Bc1+ Kh7 28. Bf4 Rd1 29. Bc7 Rxe1+ 30. Rxe1 Rd2 31. Bxb6 Rxa2 32. Bxc5 Bf8 33. Bd4 Kg7 34. Be4 Rd2 35. Bc3 Rd6 36. Bc2 1-0

[Event "Juste pour jouer"]
[Site "Montreal CAN"]
[Date "2012.10.07"]
[Round "4"]
[White "Saha, Ananda"]
[Black "Dubois, Lorraine"]
[Result "1-0"]
[WhiteElo "1559"]
[BlackElo "1090"]
[PlyCount "53"]
[GameId "2160767909444896"]
[EventDate "2012.10.05"]
[EventType "swiss"]
[EventRounds "7"]
[EventCountry "CAN"]
[SourceTitle "EXT 2022"]
[Source "ChessBase"]
[SourceDate "2021.10.06"]
[SourceVersion "1"]
[SourceVersionDate "2021.10.06"]
[SourceQuality "1"]

1. d4 Nf6 2. c4 g6 3. Nc3 Bg7 4. e4 d6 5. Nf3 O-O 6. Be2 e5 7. d5 a5 8. Bg5 Qe8 9. O-O Nbd7 10. a3 Nc5 11. Bxf6 Bxf6 12. b4 axb4 13. axb4 Rxa1 14. Qxa1 Nd7 15. Nb5 c6 16. dxc6 bxc6 17. Nxd6 Qe6 18. c5 Be7 19. Bc4 Qf6 20. Rd1 Bxd6 21. Rxd6 Qe7 22. Qa7 Qe8 23. Rxc6 Nxc5 24. Rxc5 Kh8 25. Nxe5 f6 26. Nf7+ Rxf7 27. Qxf7 1-0

[Event "Juste pour jouer"]
[Site "Montreal CAN"]
[Date "2012.10.07"]
[Round "4"]
[White "Serban, Diana"]
[Black "Rodrigue-Lemieux, Shawn"]
[Result "1-0"]
[WhiteElo "1119"]
[BlackElo "1138"]
[PlyCount "103"]
[GameId "2160767909444897"]
[EventDate "2012.10.05"]
[EventType "swiss"]
[EventRounds "7"]
[EventCountry "CAN"]
[SourceTitle "EXT 2022"]
[Source "ChessBase"]
[SourceDate "2021.10.06"]
[SourceVersion "1"]
[SourceVersionDate "2021.10.06"]
[SourceQuality "1"]

1. d4 d5 2. c4 e5 3. dxe5 d4 4. Nf3 Nc6 5. g3 Bg4 6. Bg2 Qd7 7. O-O O-O-O 8. Bg5 f6 9. exf6 Nxf6 10. Nbd2 h6 11. Bxf6 gxf6 12. Nb3 h5 13. Qd2 Bxf3 14. Bxf3 h4 15. Bg2 hxg3 16. hxg3 Qh7 17. f3 Bd6 18. f4 Qh2+ 19. Kf2 Rh3 20. Qd3 Bxf4 21. Qf5+ Kb8 22. Qxh3 Be3+ 23. Ke1 Qxh3 24. Bxh3 Nb4 25. Kd1 Rg8 26. Rxf6 a6 27. Rf3 Rh8 28. g4 b6 29. a3 Nc6 30. Kc2 Ne5 31. Rf5 Nxc4 32. Rh5 Rf8 33. Rf1 Bf2 34. Kb1 Ne3 35. Rc1 c5 36. Nd2 a5 37. Nc4 Ka7 38. Nxe3 dxe3 39. Rd1 Ka6 40. g5 Kb5 41. g6 Rg8 42. Rd6 Bg3 43. Bd7+ Kc4 44. Be6+ Kb5 45. Rxb6+ Kxb6 46. Bxg8 Kb5 47. Be6 Ka4 48. Rxc5 Be5 49. Bd7+ Kb3 50. Rxe5 Kc4 51. g7 Kb3 52. g8=Q# 1-0

[Event "Juste pour jouer"]
[Site "Montreal CAN"]
[Date "2012.10.07"]
[Round "4"]
[White "Spaulding, Derrick"]
[Black "Lacroix, Serge"]
[Result "0-1"]
[WhiteElo "1396"]
[BlackElo "1784"]
[PlyCount "79"]
[GameId "2160767909444898"]
[EventDate "2012.10.05"]
[EventType "swiss"]
[EventRounds "7"]
[EventCountry "CAN"]
[SourceTitle "EXT 2022"]
[Source "ChessBase"]
[SourceDate "2021.10.06"]
[SourceVersion "1"]
[SourceVersionDate "2021.10.06"]
[SourceQuality "1"]

1. d4 Nf6 2. c4 c5 3. d5 b5 4. e3 bxc4 5. Bxc4 d6 6. Ne2 g6 7. Nbc3 Bg7 8. O-O O-O 9. h3 Ba6 10. Bxa6 Nxa6 11. a3 Qd7 12. Ng3 Nc7 13. e4 Rab8 14. Re1 Nb5 15. Nxb5 Rxb5 16. Re2 Rfb8 17. Rb1 Rb3 18. Rc2 Qb5 19. Ra1 Nd7 20. Ra2 Ne5 21. a4 Qa6 22. Ne2 Nd3 23. Nc3 Nb4 24. Ra1 Nxc2 25. Qxc2 Bxc3 26. bxc3 Qc4 27. f3 Qxc3 28. Qxc3 Rxc3 29. Bh6 f6 30. Ra2 Kf7 31. Kh2 g5 32. f4 Kg6 33. fxg5 fxg5 34. Bxg5 Kxg5 35. Rf2 Kg6 36. Rf4 h5 37. h4 Rc2 38. Rf5 Rbb2 39. Rf4 Rxg2+ 40. Kh3 0-1

[Event "Juste pour jouer"]
[Site "Montreal CAN"]
[Date "2012.10.07"]
[Round "4"]
[White "Tinica, Gabriel"]
[Black "Bureau, Robert"]
[Result "0-1"]
[WhiteElo "958"]
[BlackElo "1357"]
[PlyCount "58"]
[GameId "2160767909444899"]
[EventDate "2012.10.05"]
[EventType "swiss"]
[EventRounds "7"]
[EventCountry "CAN"]
[SourceTitle "EXT 2022"]
[Source "ChessBase"]
[SourceDate "2021.10.06"]
[SourceVersion "1"]
[SourceVersionDate "2021.10.06"]
[SourceQuality "1"]

1. d4 Nf6 2. c4 e6 3. Nf3 d5 4. cxd5 exd5 5. Bg5 Be7 6. e3 Bf5 7. Nc3 c6 8. a3 Nbd7 9. Be2 h6 10. Bh4 O-O 11. O-O Ne4 12. Bxe7 Qxe7 13. Rc1 Ndf6 14. Ne5 Nd7 15. Nf3 Qf6 16. Qb3 b5 17. Na2 Qg6 18. Rfd1 Rfc8 19. Bd3 Bh3 20. g3 Bg4 21. Be2 Qh5 22. Kg2 Qh3+ 23. Kg1 Ndf6 24. Bf1 Qh5 25. Be2 Bxf3 26. Bxf3 Qxf3 27. Qc2 Ng4 28. Rf1 Ng5 29. h4 Nh3# 0-1

[Event "Juste pour jouer"]
[Site "Montreal CAN"]
[Date "2012.10.07"]
[Round "4"]
[White "Utepova, Alika"]
[Black "Leung, Chin"]
[Result "0-1"]
[WhiteElo "1351"]
[BlackElo "1767"]
[PlyCount "60"]
[GameId "2160767909444900"]
[EventDate "2012.10.05"]
[EventType "swiss"]
[EventRounds "7"]
[EventCountry "CAN"]
[SourceTitle "EXT 2022"]
[Source "ChessBase"]
[SourceDate "2021.10.06"]
[SourceVersion "1"]
[SourceVersionDate "2021.10.06"]
[SourceQuality "1"]

1. e4 c5 2. Nf3 d6 3. d4 cxd4 4. Nxd4 Nf6 5. Nc3 g6 6. Be3 Bg7 7. f3 O-O 8. Qd2 Nc6 9. Be2 Bd7 10. O-O-O Rc8 11. h4 Nh5 12. Qe1 Nxd4 13. Bxd4 Bh6+ 14. Kb1 e5 15. Bf2 Be6 16. g3 Qa5 17. Nd5 Qa4 18. b3 Qd7 19. Bxa7 Bxd5 20. Rxd5 Ra8 21. Qf2 Nxg3 22. Qxg3 Rxa7 23. Rhd1 Qc7 24. Rxd6 Rxa2 25. Kxa2 Ra8+ 26. Ba6 Qxc2+ 27. Ka3 Bf8 28. Qe1 Rxa6+ 29. Kb4 Bxd6+ 30. Rxd6 Rxd6 0-1

[Event "Juste pour jouer"]
[Site "Montreal CAN"]
[Date "2012.10.07"]
[Round "4"]
[White "Yip, Mattew"]
[Black "Lemieux, Serge"]
[Result "0-1"]
[WhiteElo "1250"]
[BlackElo "1589"]
[PlyCount "80"]
[GameId "2160767909444901"]
[EventDate "2012.10.05"]
[EventType "swiss"]
[EventRounds "7"]
[EventCountry "CAN"]
[SourceTitle "EXT 2022"]
[Source "ChessBase"]
[SourceDate "2021.10.06"]
[SourceVersion "1"]
[SourceVersionDate "2021.10.06"]
[SourceQuality "1"]

1. d4 Nf6 2. c4 e6 3. Nc3 d5 4. Nf3 c5 5. Bg5 Nbd7 6. e3 a6 7. Bd3 dxc4 8. Bxc4 b5 9. Be2 Bb7 10. O-O Be7 11. Qc2 Rc8 12. Qd2 b4 13. Bxf6 Nxf6 14. Na4 Ne4 15. Qd1 O-O 16. dxc5 Bxc5 17. Rc1 Ba7 18. Rxc8 Qxc8 19. Qc1 Qd7 20. Qc2 Rc8 21. Rd1 Qe8 22. Qb3 a5 23. Re1 Bd5 24. Qd1 Rd8 25. Qc2 Rc8 26. Qd1 f6 27. Nd4 Bxd4 28. exd4 Qc6 29. Bf3 f5 30. Bxe4 Bxe4 31. Nc5 Bxg2 32. Rxe6 Qf3 33. Qxf3 Bxf3 34. Ra6 Re8 35. Nd3 Be2 36. Nxb4 Bxa6 37. Nxa6 Re1+ 38. Kg2 Re2 39. d5 Kf7 40. a3 Rxb2 0-1

[Event "Juste pour jouer"]
[Site "Montreal CAN"]
[Date "2012.10.07"]
[Round "4"]
[White "Yip, William"]
[Black "Vera, Jesus"]
[Result "1-0"]
[WhiteElo "1629"]
[BlackElo "1332"]
[PlyCount "71"]
[GameId "2160767909444902"]
[EventDate "2012.10.05"]
[EventType "swiss"]
[EventRounds "7"]
[EventCountry "CAN"]
[SourceTitle "EXT 2022"]
[Source "ChessBase"]
[SourceDate "2021.10.06"]
[SourceVersion "1"]
[SourceVersionDate "2021.10.06"]
[SourceQuality "1"]

1. d4 d5 2. c4 c6 3. e3 Nf6 4. Nc3 e6 5. Nf3 Nbd7 6. Be2 Be7 7. O-O O-O 8. Rb1 a5 9. a3 Qc7 10. b4 axb4 11. axb4 dxc4 12. Bxc4 Nd5 13. Nxd5 exd5 14. Bd3 Nf6 15. Qc2 g6 16. Bd2 Nd7 17. Rfc1 Nb6 18. b5 Bd7 19. Ne5 Ba3 20. Rd1 f6 21. Nxd7 Qxd7 22. bxc6 Qc7 23. Qb3 Nc4 24. Bxc4 dxc4 25. Qxc4+ Kg7 26. Rxb7 Rf7 27. Rxc7 Rxc7 28. f3 Bd6 29. Rb1 Kh8 30. Rb7 Rxb7 31. cxb7 Ra1+ 32. Kf2 Rb1 33. Qc8+ Kg7 34. Qd7+ Kg8 35. Qxd6 Rxb7 36. Qd5+ 1-0

[Event "Juste pour jouer"]
[Site "Montreal CAN"]
[Date "2012.10.07"]
[Round "4"]
[White "Zhang, Hou Han"]
[Black "Amesse, Louis-Philippe"]
[Result "1-0"]
[WhiteElo "1355"]
[BlackElo "1741"]
[PlyCount "65"]
[GameId "2160767909444903"]
[EventDate "2012.10.05"]
[EventType "swiss"]
[EventRounds "7"]
[EventCountry "CAN"]
[SourceTitle "EXT 2022"]
[Source "ChessBase"]
[SourceDate "2021.10.06"]
[SourceVersion "1"]
[SourceVersionDate "2021.10.06"]
[SourceQuality "1"]

1. e4 d5 2. e5 Bf5 3. d4 e6 4. Nf3 c5 5. c3 Nc6 6. Bd3 Bg6 7. a3 c4 8. Bc2 b5 9. Bg5 Be7 10. Bxe7 Ngxe7 11. Nbd2 a5 12. Bxg6 Nxg6 13. g3 Qe7 14. b4 cxb3 15. Nxb3 Nf8 16. Qd3 Rb8 17. Nc5 Nd7 18. Nxd7 Kxd7 19. O-O b4 20. axb4 axb4 21. cxb4 Qxb4 22. Rfb1 Qc4 23. Qa3 Rhc8 24. Rc1 Qb4 25. Qd3 g6 26. Rab1 Qa4 27. Ra1 Qb3 28. Rc3 Qb5 29. Qe3 Ra8 30. Rac1 Ra2 31. Qf4 Ke8 32. Ng5 Rc7 33. Rc5 1-0

[Event "Juste pour jouer"]
[Site "Montreal CAN"]
[Date "2012.10.07"]
[Round "4.17"]
[White "Turcotte, Jonathan"]
[Black "Lalumiere, Claude"]
[Result "0-1"]
[WhiteElo "1907"]
[BlackElo "1788"]
[PlyCount "94"]
[GameId "2160767909444904"]
[EventDate "2012.10.05"]
[EventType "swiss"]
[EventRounds "7"]
[EventCountry "CAN"]
[SourceTitle "EXT 2022"]
[Source "ChessBase"]
[SourceDate "2021.10.06"]
[SourceVersion "1"]
[SourceVersionDate "2021.10.06"]
[SourceQuality "1"]

1. d4 Nf6 2. Nf3 g6 3. c4 c5 4. Nc3 cxd4 5. Nxd4 Nc6 6. e4 d6 7. Be2 Bg7 8. Be3 O-O 9. f3 Bd7 10. Qd2 Nxd4 11. Bxd4 Qa5 12. Rd1 a6 13. O-O Qc7 14. Nd5 Nxd5 15. Bxg7 Kxg7 16. exd5 b5 17. Qd4+ Kg8 18. cxb5 Bxb5 19. Bxb5 axb5 20. Rc1 Qa7 21. Qxa7 Rxa7 22. a3 Rb8 23. Rc3 Kg7 24. Re1 Kf6 25. f4 Rbb7 26. Kf2 Ra4 27. Ke3 Kf5 28. g3 Re4+ 29. Kd2 Rxe1 30. Kxe1 Ke4 31. Kd2 Kxd5 32. Kd3 e5 33. Rb3 e4+ 34. Ke3 f5 35. Rb4 Kc5 36. Kd2 d5 37. Kc3 Ra7 38. Rd4 Ra4 39. b4+ Kd6 40. Kb3 Ra6 41. Rd1 h6 42. h4 Rc6 43. a4 bxa4+ 44. Kxa4 Rc3 45. b5 Kc5 46. Rb1 Kb6 47. Kb4 Rc4+ 0-1

[Event "Juste pour jouer"]
[Site "Montreal CAN"]
[Date "2012.10.07"]
[Round "4.18"]
[White "Heredia, Jose"]
[Black "Morin, Louis"]
[Result "0-1"]
[WhiteElo "1508"]
[BlackElo "1855"]
[PlyCount "83"]
[GameId "2160767909444905"]
[EventDate "2012.10.05"]
[EventType "swiss"]
[EventRounds "7"]
[EventCountry "CAN"]
[SourceTitle "EXT 2022"]
[Source "ChessBase"]
[SourceDate "2021.10.06"]
[SourceVersion "1"]
[SourceVersionDate "2021.10.06"]
[SourceQuality "1"]

1. e4 c5 2. Nf3 e6 3. d4 cxd4 4. Nxd4 Nf6 5. e5 Qa5+ 6. c3 Qxe5+ 7. Be2 Nc6 8. Nf3 Qc7 9. O-O d5 10. c4 a6 11. b3 Be7 12. Bb2 O-O 13. Qc1 dxc4 14. Bxc4 b5 15. Be2 Bb7 16. Qg5 Ne8 17. Qh5 Bf6 18. Bxf6 Nxf6 19. Qh4 Ne5 20. Nbd2 Rac8 21. Rac1 Qxc1 22. Rxc1 Rxc1+ 23. Bf1 Nxf3+ 24. Nxf3 Rd8 25. Qf4 Rdd1 26. Nd2 Nd5 27. Qb8+ Bc8 28. Qd6 g6 29. h4 Rxd2 30. Qd8+ Kg7 31. Qg5 Rdd1 32. h5 Rxf1+ 33. Kh2 h6 34. Qe5+ f6 35. Qd6 Rh1+ 36. Kg3 Rxh5 37. a4 bxa4 38. Qa3 Rc3+ 39. f3 axb3 40. Kg4 Rc4+ 41. f4 Rxf4+ 42. Kg3 0-1

[Event "Juste pour jouer"]
[Site "Montreal CAN"]
[Date "2012.10.07"]
[Round "4.19"]
[White "Alcantara, Maximo"]
[Black "Sonn, Eric"]
[Result "1-0"]
[WhiteElo "1866"]
[BlackElo "1543"]
[PlyCount "39"]
[GameId "2160767909444906"]
[EventDate "2012.10.05"]
[EventType "swiss"]
[EventRounds "7"]
[EventCountry "CAN"]

1. e4 e6 2. Nc3 d5 3. d4 Bb4 4. Qg4 dxe4 5. Qxg7 Qf6 6. Bh6 Bd7 7. Qxf6 Nxf6 8. Bg7 Nd5 9. Bxh8 Nxc3 10. Ne2 Nd5+ 11. c3 Be7 12. Bg7 Nc6 13. Ng3 f5 14. Bh6 e5 15. dxe5 Nxe5 16. O-O-O Ng4 17. Rxd5 Nxh6 18. Be2 Bg5+ 19. Kc2 Bc6 20. Bb5 1-0

[Event "Juste pour jouer"]
[Site "Montreal CAN"]
[Date "2012.10.07"]
[Round "4.20"]
[White "Perna-Fraser, David"]
[Black "Lalonde, Paul"]
[Result "0-1"]
[WhiteElo "1887"]
[BlackElo "1888"]
[PlyCount "118"]
[GameId "2160767909444907"]
[EventDate "2012.10.05"]
[EventType "swiss"]
[EventRounds "7"]
[EventCountry "CAN"]
[SourceTitle "EXT 2022"]
[Source "ChessBase"]
[SourceDate "2021.10.06"]
[SourceVersion "1"]
[SourceVersionDate "2021.10.06"]
[SourceQuality "1"]

1. d4 d5 2. c4 c6 3. Nc3 Nf6 4. e3 e6 5. Nf3 Be7 6. Bd3 O-O 7. O-O Nbd7 8. e4 dxe4 9. Nxe4 Nxe4 10. Bxe4 Nf6 11. Bc2 c5 12. dxc5 Bxc5 13. b3 b6 14. Bb2 Bb7 15. Qxd8 Rfxd8 16. Rad1 Ne4 17. Bd4 Bxd4 18. Rxd4 Nc3 19. Rh4 h6 20. a3 Rd6 21. Re1 Rad8 22. Re3 Nd1 23. Bxd1 Rxd1+ 24. Ne1 Ra1 25. a4 Rdd1 26. Kf1 Kf8 27. f3 Ke7 28. Kf2 Rd2+ 29. Kg3 Raa2 30. Rg4 g6 31. h4 Re2 32. Rxe2 Rxe2 33. Nd3 Re3 34. Nf2 Rxb3 35. a5 bxa5 36. Rd4 a4 37. c5 a3 38. Ra4 a6 39. Ng4 Rc3 40. Ra5 a2 41. Rxa2 h5 42. c6 Rxc6 43. Ne5 Rb6 44. Nc4 Bd5 45. Nxb6 Bxa2 46. Kf4 Kd6 47. Kg5 Kc5 48. Na4+ Kd4 49. f4 e5 50. fxe5 Kxe5 51. Nc3 Bb3 52. Nb1 Kd4 53. Kf4 a5 54. g4 hxg4 55. Kxg4 Kd3 56. h5 Bd1+ 57. Kg5 Bxh5 58. Kf6 Be2 59. Kxf7 g5 0-1

[Event "Juste pour jouer"]
[Site "Montreal CAN"]
[Date "2012.10.07"]
[Round "4.21"]
[White "Bergeron, Jean-Guy"]
[Black "Zhou, Jiehan"]
[Result "1-0"]
[WhiteElo "1480"]
[BlackElo "1811"]
[PlyCount "123"]
[GameId "2160767909444908"]
[EventDate "2012.10.05"]
[EventType "swiss"]
[EventRounds "7"]
[EventCountry "CAN"]
[SourceTitle "EXT 2022"]
[Source "ChessBase"]
[SourceDate "2021.10.06"]
[SourceVersion "1"]
[SourceVersionDate "2021.10.06"]
[SourceQuality "1"]

1. c4 Nf6 2. Nc3 d5 3. d4 Bf5 4. e3 e6 5. cxd5 exd5 6. Qb3 b6 7. h3 Be7 8. g4 Be6 9. Nge2 h5 10. g5 Ne4 11. h4 O-O 12. Nf4 Nxc3 13. bxc3 g6 14. Bg2 c6 15. Qc2 Bf5 16. Qe2 Qc8 17. Nxh5 gxh5 18. Qxh5 Bg4 19. Qh6 Qe6 20. f3 Qxh6 21. gxh6 Bh5 22. e4 dxe4 23. fxe4 Nd7 24. Bg5 f6 25. Bf4 Rad8 26. Bh3 Rf7 27. Be6 Kh8 28. Bxf7 Bxf7 29. Kf2 Rg8 30. Rag1 Bf8 31. a4 Kh7 32. Rxg8 Bxg8 33. Rg1 Bf7 34. e5 fxe5 35. Bd2 exd4 36. cxd4 Bb3 37. Ra1 Nf6 38. Bg5 Ng4+ 39. Kf3 Nxh6 40. a5 b5 41. a6 b4 42. Bd2 Bd5+ 43. Kf4 Bg7 44. Bxb4 Bxd4 45. Rd1 Bf2 46. Be7 Ng8 47. Bg5 Kg6 48. Rb1 Bb6 49. Ke5 Nh6 50. Bxh6 Kxh6 51. Rxb6 axb6 52. a7 Kh5 53. a8=Q Kxh4 54. Qd8+ Kg4 55. Qxb6 Kf3 56. Qd4 Kg3 57. Qe3+ Kg2 58. Kf4 Kh2 59. Qg3+ Kh1 60. Qf2 c5 61. Kg3 Bg2 62. Qe1+ 1-0

[Event "Juste pour jouer"]
[Site "Montreal CAN"]
[Date "2012.10.07"]
[Round "5"]
[White "Bond, Yvon"]
[Black "Gunn, Richard"]
[Result "1-0"]
[WhiteElo "1428"]
[BlackElo "1112"]
[PlyCount "67"]
[GameId "2160767909444909"]
[EventDate "2012.10.05"]
[EventType "swiss"]
[EventRounds "7"]
[EventCountry "CAN"]
[SourceTitle "EXT 2022"]
[Source "ChessBase"]
[SourceDate "2021.10.06"]
[SourceVersion "1"]
[SourceVersionDate "2021.10.06"]
[SourceQuality "1"]

1. d4 Nf6 2. Nf3 e6 3. e3 c5 4. c3 d5 5. Nbd2 c4 6. g3 b5 7. Bg2 Bb7 8. O-O Nbd7 9. Re1 Bd6 10. Qc2 Ne4 11. Nxe4 dxe4 12. Nd2 f5 13. f3 Nf6 14. fxe4 O-O 15. e5 Bxg2 16. Kxg2 Bxe5 17. dxe5 Qd5+ 18. e4 Nxe4 19. Nxe4 Rad8 20. Bf4 fxe4 21. Rad1 Qb7 22. Rxd8 Rxd8 23. Qxe4 Qb6 24. a3 Rd3 25. Be3 Qc7 26. Re2 Rd5 27. Bd4 g6 28. Rf2 Kg7 29. Qf4 Rd8 30. Qf6+ Kg8 31. Qxe6+ Kg7 32. Qf6+ Kg8 33. e6 Rxd4 34. Qf8# 1-0